[Event "lago d'iseo"]
[Site "http://www.queenalice.com/game.php?id=879236"]
[Date "2010.12.30"]
[Round "-"]
[White "Hipatia"]
[Black "paparov"]
[Result "0-1"]
[WhiteElo "1402"]
[BlackElo "1435"]

1. a4 e5 2. e4 Nf6 3. d3 Bc5 4. c3 O-O 5. b4 Bd6 6. a5 Na6 7. Nf3 c5 8. g4 cxb4
9. h3 Bc5 10. g5 Ne8 11. h4 Qc7 12. Qd2 bxc3 13. Nxc3 Bb4 14. Bb2 Bxa5 15. h5 b5
16. h6 g6 17. Ra3 b4 18. Nb5 Qb6 19. Ra2 Qxb5 20. Bxe5 Bb7 21. Rh4 Rc8 22. Nd4
Qxe5 23. Nf3 Qc5 24. Ke2 Bb6 25. Bh3 Qxf2+ 26. Kd1 Qxf3+ 27. Qe2 Qg3 28. Qg4
Qxd3+ 29. Rd2 Qb1+ 30. Ke2 Rc1 31. Kf3 Rc3+ 32. Kf4 Be3+ 33. Kf3 Bxd2+ 34. Kg2
Be1 35. Kh2 Bg3+ 36. Kg2 Qb2+ 0-1

[Event "scacciapensieri"]
[Site "http://www.queenalice.com/game.php?id=902370"]
[Date "2011.2.18"]
[Round "-"]
[White "Hipatia"]
[Black "paparov"]
[Result "0-1"]
[WhiteElo "1504"]
[BlackElo "1456"]

1. d4 d5 2. Qd3 g6 3. Nc3 Bg7 4. Nf3 Bf5 5. Qb5+ Nd7 6. Qxb7 Nb6 7. Qa6 Bxc2 8.
e3 c6 9. Qe2 Bf5 10. h3 h5 11. Rg1 a5 12. a4 e6 13. Nd2 Ne7 14. e4 dxe4 15.
Ndxe4 Qxd4 16. Be3 Qb4 17. Bc5 Bxc3+ 18. bxc3 Qb3 19. Nd6+ Kf8 20. Bd4 Rg8 21.
Qd2 Ned5 22. Rc1 Nxa4 23. c4 Nb4 24. Qh6+ Ke7 25. Nxf5+ exf5 26. Qg5+ Kd7 27.
Qd2 Rge8+ 28. Be3+ Kc7 29. Be2 Rad8 30. Bd4 Nd3+ 31. Qxd3 Qxd3 32. Be3 Rxe3 33.
fxe3 Qxe3 34. Rf1 Qxc1+ 35. Kf2 Qc2 36. Re1 Nb2 37. Kf1 Rd2 38. Bf3 Rf2+ 39. Kg1
Nd3 40. Re7+ Kd8 41. Rxf7 Nf4 42. Kh2 Rxg2+ 43. Bxg2 Qxg2# 0-1

[Event "AUTO-INT-2159"]
[Site "http://www.queenalice.com/game.php?id=992501"]
[Date "2011.10.2"]
[Round "1"]
[White "paparov"]
[Black "Ricardoabreu"]
[Result "1-0"]
[WhiteElo "1484"]
[BlackElo "1591"]

1. e4 e5 2. d4 exd4 3. Qxd4 Nc6 4. Qe3 f6 5. Bc4 d6 6. Nc3 a6 7. Nf3 Nge7 8. O-O
Nb4 9. Bb3 Nec6 10. a3 Qe7 11. axb4 Nxb4 12. Rd1 Be6 13. Nd4 Bxb3 14. cxb3 c5
15. Nf5 Qf7 16. Rxd6 Nc2 17. Qxc5 Nxa1 18. Nd5 Bxd6 19. Nxd6+ Kf8 20. Nxf7+ Kxf7
21. Qe7+ Kg6 22. Nf4+ Kh6 23. g4 Rae8 24. Ne6+ 1-0

[Event "blekchallenger"]
[Site "http://www.queenalice.com/game.php?id=1029933"]
[Date "2012.2.15"]
[Round "-"]
[White "paparov"]
[Black "Hipatia"]
[Result "1-0"]
[WhiteElo "1509"]
[BlackElo "1535"]

1. e4 e5 2. d4 Nc6 3. d5 Nce7 4. Nf3 Nf6 5. Bd3 h6 6. Nxe5 d6 7. Nc4 c6 8. e5
dxe5 9. d6 Ned5 10. Nxe5 Be7 11. dxe7 Qxe7 12. Qe2 O-O 13. g4 Be6 14. h3 Rad8
15. g5 Nd7 16. Qe4 Nxe5 17. Qh7# 1-0

[Event "whiteChallenger"]
[Site "http://www.queenalice.com/game.php?id=1029938"]
[Date "2012.2.15"]
[Round "-"]
[White "Hipatia"]
[Black "paparov"]
[Result "0-1"]
[WhiteElo "1528"]
[BlackElo "1528"]

1. d4 Nf6 2. d5 d6 3. e3 e6 4. dxe6 Bxe6 5. Bd3 d5 6. Nf3 Bd6 7. h3 O-O 8. c3 b5
9. Bc2 a6 10. Nfd2 Nc6 11. Qe2 Re8 12. a4 b4 13. c4 b3 14. Bxb3 d4 15. Nf3 Bb4+
16. Nbd2 Ne4 17. Bc2 f5 18. h4 dxe3 19. fxe3 Ng3 20. Qd1 Nxh1 21. Ng5 Bxc4 0-1

[Event "Challenge"]
[Site "http://www.queenalice.com/game.php?id=1408727"]
[Date "2016.2.11"]
[Round "-"]
[White "paparov"]
[Black "Hipatia"]
[Result "1-0"]
[WhiteElo "1597"]
[BlackElo "1533"]

1. e4 e5 2. d4 Bd6 3. Nf3 b6 4. Bc4 Qe7 5. Ng5 Nh6 6. O-O f6 7. Nf3 a5 8. Nc3 a4
9. Nd5 Qd8 10. Bd2 c6 11. Nc3 b5 12. Be2 Nf7 13. Be3 g5 14. g4 h5 15. dxe5 fxe5
16. Nxg5 Be7 17. gxh5 Nxg5 18. h4 Nf7 19. Qd2 d6 20. f3 Bxh4 21. Kh1 Bg3 22. Kg2
Qh4 23. Rh1 Bh2 24. Rxh2 Rg8+ 25. Kh1 Qf6 26. h6 Rh8 27. Rg1 Be6 28. h7 Nd8 29.
Bg5 Qf7 30. f4 Nb7 31. Bh5 Rxh7 32. Bxf7+ Rxf7 33. f5 Bc4 34. b3 axb3 35. cxb3
b4 36. Nd1 Bb5 37. Bh6 Kd7 38. Rg8 Kc7 39. Bf8 Rd7 40. Qg5 Kb6 41. a4 Bd3 42.
Qe3+ Nc5 43. Nb2 Bxe4+ 44. Kg1 Bxf5 45. Nc4+ Kc7 46. Bxd6+ Kb7 47. Qxc5 Na6 48.
Qb6# 1-0

[Event "AUTO-INT-3107"]
[Site "http://www.queenalice.com/game.php?id=1409901"]
[Date "2016.2.18"]
[Round "1"]
[White "daniel0176"]
[Black "paparov"]
[Result "0-1"]
[WhiteElo "1719"]
[BlackElo "1561"]

1. e4 e5 2. Nf3 Nc6 3. c3 Nf6 4. Bb5 Bd6 5. Bxc6 dxc6 6. h3 Nxe4 7. O-O Qf6 8.
d3 Nc5 9. b4 Ne6 10. Re1 Bd7 11. Qc2 O-O 12. Bb2 Nf4 13. c4 Qg6 14. Nh4 Qf6 15.
Nf3 Bxh3 16. g3 Qh6 17. Nh4 Rae8 18. Nc3 g5 19. Nf5 Qh5 20. Ne4 Qf3 21. Nf6+ Kh8
22. gxf4 Qg2# 0-1

[Event "AUTO-INT-3107"]
[Site "http://www.queenalice.com/game.php?id=1409915"]
[Date "2016.2.18"]
[Round "1"]
[White "vangogh"]
[Black "paparov"]
[Result "0-1"]
[WhiteElo "1598"]
[BlackElo "1610"]

1. e4 e5 2. d4 Qh4 3. dxe5 Bc5 4. g3 Qxe4+ 5. Be3 Bxe3 6. fxe3 Qxe5 7. c3 Nf6 8.
Qd3 O-O 9. Nf3 Qe4 10. Qxe4 Nxe4 11. Bd3 Re8 12. O-O Nd6 13. Re1 b6 14. b4 f6
15. g4 Bb7 16. Nd4 Be4 17. Nb5 Nxb5 18. Bxb5 c6 19. Bc4+ d5 20. Bb3 Nd7 21. Nd2
Ne5 22. Ba4 b5 23. Bb3 Kf8 24. Nf1 Nf3+ 25. Kf2 Nxe1 26. Rxe1 a5 27. Ng3 a4 28.
Bd1 a3 29. h4 Ra7 30. g5 f5 31. Rf1 g6 32. Ne2 Bb1 33. Bb3 Bd3 34. Rh1 Rae7 35.
Nd4 Bc4 36. Nxc6 Rxe3 37. Bxc4 dxc4 38. h5 Re2+ 39. Kf1 Re1+ 40. Kg2 Rxh1 41.
Kxh1 Re1+ 42. Kh2 Re2+ 43. Kg3 Rxa2 44. Nd4 Rb2 45. hxg6 hxg6 46. Nxb5 a2 47.
Nd6 a1=Q 48. Nxc4 Qe1+ 49. Kf4 Rf2+ 50. Kg3 Qg1+ 51. Kh4 Rh2# 0-1

[Event "AUTO-INT-3107"]
[Site "http://www.queenalice.com/game.php?id=1409916"]
[Date "2016.2.18"]
[Round "1"]
[White "paparov"]
[Black "vangogh"]
[Result "1-0"]
[WhiteElo "1583"]
[BlackElo "1529"]

1. e4 e5 2. d4 exd4 3. Qxd4 Nc6 4. Qe3 a6 5. Bd2 Qf6 6. e5 Nxe5 7. Nf3 b6 8.
Nxe5 Kd8 9. Bc4 Nh6 10. g4 d6 11. Nd3 Nxg4 12. Qg5 Qxg5 13. Bxg5+ f6 14. Bd5 Rb8
15. Bd2 Bb7 16. Bxb7 Rxb7 17. f3 Ne5 18. Nxe5 dxe5 19. a3 Bc5 20. b4 Bd4 21. c3
Bxc3 22. Bxc3 Re8 23. Kf2 c5 24. bxc5 bxc5 25. a4 g5 26. Ba5+ Ke7 27. h4 Rb2+
28. Kg3 Reb8 29. Nc3 Rd2 30. hxg5 Rg8 31. Ne4 Rd5 32. Rxh7+ Ke6 33. Rb1 fxg5 34.
Rb6+ Kf5 35. Rf6# 1-0

[Event "AUTO-INT-3107"]
[Site "http://www.queenalice.com/game.php?id=1409923"]
[Date "2016.2.18"]
[Round "1"]
[White "Tavinho92"]
[Black "paparov"]
[Result "0-1"]
[WhiteElo "1557"]
[BlackElo "1545"]

1. Nf3 b6 2. e4 e6 3. g3 Bb7 4. d3 f6 5. Bg2 Bd6 6. O-O Nc6 7. Nc3 g5 8. d4 h5
9. d5 Ne5 10. Nxe5 Bxe5 11. Bd2 f5 12. dxe6 h4 13. exd7+ Qxd7 14. Bxg5 hxg3 15.
Qxd7+ Kxd7 16. hxg3 Rf8 17. Rfd1+ Kc8 18. f4 Bxc3 19. bxc3 fxe4 20. Rd4 c5 21.
Rd2 e3 22. Bh3+ Rxh3 23. Rh2 Rxg3+ 24. Kf1 Rxg5 25. Ke2 Rg3 26. Rf1 Ba6+ 0-1

[Event "AUTO-INT-3107"]
[Site "http://www.queenalice.com/game.php?id=1409924"]
[Date "2016.2.18"]
[Round "1"]
[White "paparov"]
[Black "Tavinho92"]
[Result "1-0"]
[WhiteElo "1530"]
[BlackElo "1513"]

1. e4 e5 2. Nc3 Nf6 3. d3 Bc5 4. Be3 Bxe3 5. fxe3 d6 6. h3 O-O 7. g4 Nc6 8. g5
Ne8 9. h4 f6 10. Nf3 Bg4 11. g6 hxg6 12. Rg1 Qd7 13. Kd2 Kf7 14. Nd5 Rh8 15. c3
Bxf3 16. Qxf3 Rxh4 17. Qg3 Rg4 18. Qxg4 Qxg4 19. Rxg4 f5 20. exf5 gxf5 21. Rg5
Nf6 22. Nxc7 Rc8 23. Nb5 d5 24. Nd6+ Ke6 25. Nxc8 1-0

[Event "Torna a casa Lessie"]
[Site "http://www.queenalice.com/game.php?id=1605939"]
[Date "2020.4.4"]
[Round "-"]
[White "Hipatia"]
[Black "paparov"]
[Result "0-1"]
[WhiteElo "1448"]
[BlackElo "1627"]

1. e4 e5 2. Bc4 Nf6 3. d3 Nc6 4. c3 a6 5. Bb3 Bc5 6. Nf3 d6 7. Ng5 Be6 8. c4 Nd4
9. Nd2 Bg4 10. f3 Bd7 11. a4 a5 12. Ba2 Nh5 13. Nb3 Bb4+ 14. Bd2 Qxg5 15. O-O
Bxd2 16. Rf2 Be3 17. Qf1 Nxf3+ 0-1

[Event "PartitaDiPasquetta"]
[Site "http://www.queenalice.com/game.php?id=1607314"]
[Date "2020.4.13"]
[Round "-"]
[White "paparov"]
[Black "Hipatia"]
[Result "0-1"]
[WhiteElo "1636"]
[BlackElo "1482"]

1. e4 c6 2. c4 e5 3. Nf3 d6 4. d3 c5 5. Nc3 Nf6 6. Bg5 Be7 7. Bxf6 Bxf6 8. Nd5
Qa5+ 9. Qd2 Qxd2+ 10. Kxd2 Bd8 11. h4 Be6 12. Ng5 Bxd5 13. exd5 O-O 14. Ne4 Be7
15. g4 f5 16. Ng3 fxg4 17. h5 Rxf2+ 18. Ne2 Na6 19. Rg1 Rh2 20. Rxg4 Rf8 21. Kc3
Rf5 22. Bg2 Rfxh5 23. Rf1 Rg5 24. Rh1 Rxg2 25. Rgh4 h6 26. R4h3 Rxe2 27. R3h2
Rxh2 28. Rxh2 Nb4 29. Rd2 Nxa2+ 30. Kb3 Nc1+ 31. Ka4 a6 32. Ka5 Bd8+ 33. Ka4 Rg4
34. Ka3 e4 35. b4 e3 36. Rd1 Ne2 37. Re1 Nd4 38. Rxe3 Nc2+ 39. Ka4 Nxe3 40. b5
a5 41. b6 Rd4 42. Kxa5 Rxd3 43. Ka4 Nxc4 44. Kb5 Nxb6 45. Ka5 c4 46. Kb4 c3 47.
Kb3 Nxd5 48. Kc4 Rd1 49. Kb3 h5 50. Kc2 Rh1 51. Kd3 Rh3+ 52. Kc2 g5 53. Kb3 g4
54. Kc4 Ne7 55. Kb3 Ba5 56. Ka4 b6 57. Kb5 g3 58. Ka6 g2 59. Kb5 g1=Q 60. Ka6
Qg2 61. Kb5 c2 62. Ka6 c1=Q 63. Kb5 Qgc6+ 64. Ka6 Qa8+ 65. Kb5 Qcc6# 0-1